000 01174nam0a2200313 4500
001 RU\NLR\b_ik\202009
005 20250613195052.0
021 _aRU
_b2013-30414
_92087
035 _a(NLR Aleph) 009997801
090 _a9773575
_c9773575
100 _a20130514d2006 |||y0rusy50 ca
101 0 _aspa
102 _aRU
105 _aac |||||||||
200 1 _aLa fuerza productiva del trabajo y la productividad del trabajo
_fA.N. Strukov
210 _aStavropol
_c[s.n.]
_d2006
215 _a59, [1] с.
_cил., портр.
_d21
541 1 _aПроизводительные силы и продуктивность труда
606 1 _aПроизводительные силы
_yРоссийская Федерация
_92316626
_3RU\NLR\AUTH\661386141
606 1 _aПроизводительность труда
_yРоссийская Федерация
_92434546
_3RU\NLR\AUTH\661448804
686 1 _aУ9(2)-96
686 1 _aУ24(2)1
700 1 _aStrukov
_bA. N.
_f1943-
_gAnatolij Nikolaevič
_4070
801 0 _aRU
_bNLR
_c20130514
_gRCR
801 1 _aRU
_bNLR
_c20130514
942 _cBOOK
980 _aNB